00668nam a2200205Ia 4500008004100000040001900041041001200060082002400072100002100096245005200117260004500169300004400214504001900258650002200277651002300299850001800322942000700340999001700347952009800364131103s9999 xx 000 0 und d aLoreto College aEnglish a910/MONbLCBED/2497 aMonkhouse, F . J aPrinciples of physical geographycF.J.Monkhouse aLondonbUniversity of London Pressc1965 axxv ,511pb ill.figures , photosc 21cm aIncludes index aGeneral geography aPhysical geography aLCBED/910/MON cBK c29003d79482 00104070aMAINbMAINd2013-11-04l0o910/MON LCBED/2497pB31855r2013-11-04w2013-11-04yBK